000 00411cam a2200181ua 4500
020 _c6.00
041 _ahin
_h
082 _a891.54
_bPRE/PR
100 _aPremchand, .
245 _aPremashram /
_cPremchand.
_hTextual Documents
250 _a1 /
_b.
260 _aIlahabad :
_bHans Prakashan ,
_c1956.
300 _a446 ; .
365 _a6.00
504 _a
942 _cBK
999 _c8375
_d8375